A gépesített értelem

Elmentve itt :
Bibliográfiai részletek
Szerző: Aszalós Péter
További közreműködők: Darab Tamás
Dokumentumtípus: Cikk
Megjelent: 1996
Sorozat:Iskolakultúra 6 No. 10
Kulcsszavak:Mesterséges intelligencia - könyvismertetés, Megismerés folyamata - számítógép - könyvismertetés
Online Access:http://misc.bibl.u-szeged.hu/45127
LEADER 00693nab a2200193 i 4500
001 misc45127
005 20191106141032.0
008 181017s1996 hu o 0|| zxx d
022 |a 1215-5233 
040 |a SZTE Miscellanea Repozitórium  |b hun 
041 |a zxx 
100 1 |a Aszalós Péter 
245 1 2 |a A gépesített értelem  |h [elektronikus dokumentum] /  |c  Aszalós Péter 
260 |c 1996 
300 |a 94-95 
490 0 |a Iskolakultúra  |v 6 No. 10 
695 |a Mesterséges intelligencia - könyvismertetés, Megismerés folyamata - számítógép - könyvismertetés 
700 0 1 |a Darab Tamás 
856 4 0 |u http://misc.bibl.u-szeged.hu/45127/1/iskolakultura_1996_010_094-095.pdf  |z Dokumentum-elérés